| 000 | 00739nam a2200253Ia 4500 | ||
|---|---|---|---|
| 003 | OSt | ||
| 005 | 20220925205809.0 | ||
| 006 | a|||||r|||| 00| 0 | ||
| 007 | ta | ||
| 008 | 220923b |||||||| |||| 00| 0 eng d | ||
| 020 | _a1560729023 | ||
| 037 | _cGeneral Book | ||
| 040 |
_aRTL _cRTL _beng |
||
| 041 |
_2eng _aeng |
||
| 082 | _aU671:(G:55), P1 | ||
| 100 |
_aBabkina A M Ed. _9271043 |
||
| 245 | 0 |
_aNatural resources _b Issues and outlook |
|
| 260 |
_aHutington _bNova Science Publisher _c2001 |
||
| 300 |
_avii, 246p Bibliography chapterwise _ccm. |
||
| 650 | _a Geography | ||
| 650 |
_aNatural Resources _9233925 |
||
| 942 |
_hU671:(G:55), P1 _cGB _2CC |
||
| 999 |
_c553234 _d553234 |
||